• 首页
  • 本馆介绍
  • 公告通知
  • 最新文献
  • 馆藏检索
  • 电子资源
  • 读者导购
  • 参考咨询
  • 我的图书馆
  • 登录
  • 详细信息显示
  • 放入我的书架
  • 预约/预借图书
  • 作者相关作品
  • 分类相关作品
  • 丛书相关作品
  • 出版社相关作品

书目信息

  • 表格格式
  • 工作单格式
  • 卡片格式
书名: Nation of nations
作者: James West Davidson ... [et al.].
分册号:
分册名:
出版地: Boston :
 
出版社: McGraw-Hill
出版时间: c1999.
页数: xxxii, 955 p. :
开本: 24 cm.
丛书名:
中图分类号:
科图分类号:
其他分类号: D771.2
主题词:
电子资源:
000 01198pam a2200313 a 450
001 E0756065246
005 20070506153447.18
008 980417s1999 mauab b 001 0 eng
010    @a98021631
020    @a0073033758 (acid-free paper).
035    @A(DLC) 98021631
040    @aDLC@cDLC@dDLC
043    @an-us---
050 00 @aE178.4@b.N345 1999
082 00 @a973@2 21
090    @aD771.2
099    @dD771.2@ex83:1
245 00 @aNation of nations :@ba concise narrative of the American republic / @cJames West Davidson ... [et al.].
250    @a2nd ed.
260    @aBoston :@bMcGraw-Hill,@cc1999.
300    @axxxii, 955 p. :@bill., col. maps ;@c24 cm.
500    @aAdapted from Nation of nations: a narrative history of the American republic, 2nd ed. c1994.
504    @aIncludes bibliographical references and index.
651  0 @aUnited States@xHistory.
700 1  @aDavidson, James West.
906    @a7@bcbc@corignew@d1@eocip@f19@gy-gencatlg
920    @aDo not acquire
952    @aCIP ACQ MS: v 1 recd 10-23-98
955    @apc14 to la00 04-20-98; lj09 04-22-98 to subj; lk29 (E178.1.N345 1998) 04-22-98; to SL 04-22-98; lh37 04-23-98; CIP ver. lh04 to SL 11-13-98
    
    Nation of nations : : a concise narrative of the American republic / / James West Davidson ... [et al.].-2nd ed.-Boston : : McGraw-Hill, , c1999.
    xxxii, 955 p. : : ill., col. maps ; ; 24 cm.
    Adapted from Nation of nations: a narrative history of the American republic, 2nd ed. c1994.-Includes bibliographical references and index.
    
    ISBN 0073033758 (acid-free paper).
    
●
相关链接 在E读中查询图书 在五车中查询图书 在当当中查询图书 在豆瓣中查询图书


正题名:Nation of nations     索取号:D771.2/x83:1         预约/预借

序号 登录号 条形码 馆藏地/架位号 状态 备注
1 0007522   300075228   第二样本阅览室/ [索取号:D771.2/x83:1] 在馆    
唐山师范学院图书馆 欢迎您!
大连网信软件有限公司© 版权所有